El trabajo de la crisis : (Record no. 181921)

MARC details
000 -LEADER
campo de control de longitud fija 00856nam a2200217 i 4500
001 - NÚMERO DE CONTROL
campo de control 181921
003 - IDENTIFICADOR DE NÚMERO DE CONTROL
campo de control ES-MaACL
005 - FECHA Y HORA DE LA ÚLTIMA TRANSACCIÓN
campo de control 20250526201159.0
008 - DATOS DE LONGITUD FIJA--INFORMACIÓN GENERAL
campo de control de longitud fija 130507s2012 sp | |||||||| | spa d
020 ## - NÚMERO INTERNACIONAL ESTÁNDAR DEL LIBRO
Número Internacional Estándar del Libro 978-84-615-9106-0
080 ## - NÚMERO DE LA CLASIFICACIÓN DECIMAL UNIVERSAL
Número de la Clasificación Decimal Universal 081 Carretero Miramar, José Luis
100 1# - ENTRADA PRINCIPAL--NOMBRE DE PERSONA
Nombre de persona Carretero Miramar, José Luis.
9 (RLIN) 139590
245 13 - MENCIÓN DEL TÍTULO
Título El trabajo de la crisis :
Resto del título artículos sobre economía, derecho, pedagogía y otras hierbas /
Mención de responsabilidad, etc. José Luis Carretero Miramar.
260 ## - PUBLICACIÓN, DISTRIBUCIÓN, ETC.
Lugar de publicación, distribución, etc. Madrid :
Nombre del editor, distribuidor, etc. Confederación Sindical Solidaridad Obrera,
Fecha de publicación, distribución, etc. 2012.
300 ## - DESCRIPCIÓN FÍSICA
Extensión 311 p. ;
Dimensiones 18 cm.
650 #0 - PUNTO DE ACCESO ADICIONAL DE MATERIA--TÉRMINO DE MATERIA
Término de materia o nombre geográfico como elemento de entrada Crisis económicas- 2008
9 (RLIN) 236570
852 ## - LOCALIZACIÓN
Ubicación ES-MaACL
Número de control de estantería A-12611
itemnumber 188829
Sublocalización o colección R.148836
Ubicación en estantería Depósito 1
Signatura antigua Olim: N-5614
Encuadernación Donación: José Luis Carretero Miramar
903 ## - NOMBRE PERSONAL DE DONANTE
9 139590
a Carretero Miramar, José Luis
e Donante
942 ## - ELEMENTOS DE ENTRADA SECUNDARIOS (KOHA)
Fuente del sistema de clasificación o colocación Clasificación decimal universal
Tipo de ítem Koha Libro impreso
Holdings
Estatus retirado Estado de pérdida Fuente del sistema de clasificación o colocación Estado de daño No para préstamo Colección Biblioteca de origen Biblioteca actual Ubicación en estantería Fecha de adquisición Fuente de adquisición Total de préstamos Signatura topográfica completa Código de barras Visto por última vez Precio de reemplazo Tipo de ítem Koha Nota pública
    Clasificación decimal universal     Libros con dedicatorias Biblioteca del Ateneo de Madrid Biblioteca del Ateneo de Madrid Depósito 1 07/05/2013 Donación   A-12611 1191179 23/02/2023 23/02/2023 Libro impreso Dedicatoria autógrafa del autor